Management accounting (Record no. 145927)
[ view plain ]
| 000 -LEADER | |
|---|---|
| fixed length control field | 00547nam a2200229Ia 4500 |
| 003 - CONTROL NUMBER IDENTIFIER | |
| control field | OSt |
| 005 - DATE AND TIME OF LATEST TRANSACTION | |
| control field | 20230704125941.0 |
| 008 - FIXED-LENGTH DATA ELEMENTS--GENERAL INFORMATION | |
| fixed length control field | 210210b2011 xxu||||| |||| 00| 0 eng d |
| 020 ## - INTERNATIONAL STANDARD BOOK NUMBER | |
| International Standard Book Number | 8121910625 |
| 040 ## - CATALOGING SOURCE | |
| Transcribing agency | AL |
| 041 ## - LANGUAGE CODE | |
| Language code of text/sound track or separate title | eng |
| 082 ## - DEWEY DECIMAL CLASSIFICATION NUMBER | |
| Classification number | 658.1511 PILM |
| 100 ## - MAIN ENTRY--PERSONAL NAME | |
| Personal name | PILLAI (R S N) |
| 9 (RLIN) | 125416 |
| 245 ## - TITLE STATEMENT | |
| Title | Management accounting |
| 250 ## - EDITION STATEMENT | |
| Edition statement | 4 |
| 260 ## - PUBLICATION, DISTRIBUTION, ETC. | |
| Place of publication, distribution, etc. | New Delhi |
| Name of publisher, distributor, etc. | S. Chand & Co. Ltd. |
| Date of publication, distribution, etc. | 2011 |
| 300 ## - PHYSICAL DESCRIPTION | |
| Extent | x,661 |
| 690 ## - LOCAL SUBJECT ADDED ENTRY--TOPICAL TERM (OCLC, RLIN) | |
| Topical term or geographic name as entry element | Management Accounting |
| 9 (RLIN) | 125417 |
| 700 ## - ADDED ENTRY--PERSONAL NAME | |
| Personal name | BAGAVATHI |
| 9 (RLIN) | 125418 |
| 906 ## - LOCAL DATA ELEMENT F, LDF (RLIN) | |
| a | 065705 |
| 942 ## - ADDED ENTRY ELEMENTS (KOHA) | |
| Source of classification or shelving scheme | Dewey Decimal Classification |
| Koha item type | Book |
| Withdrawn status | Lost status | Source of classification or shelving scheme | Damaged status | Not for loan | Collection code | Home library | Current library | Date acquired | Source of acquisition | Cost, normal purchase price | Total Checkouts | Total Renewals | Full call number | Barcode | Date last seen | Date last checked out | Price effective from | Koha item type | Shelving location |
|---|---|---|---|---|---|---|---|---|---|---|---|---|---|---|---|---|---|---|---|
| Dewey Decimal Classification | Commerce | St Aloysius Library | St Aloysius Library | 02/17/2021 | Vidyarthi Books | 399.00 | 6 | 1 | 658.1511 PILM | 073413 | 05/06/2024 | 02/08/2024 | 02/17/2021 | Book | |||||
| St Aloysius Library | St Aloysius Library | 02/17/2021 | Biblios Book Point, Surathkal-575014 | 275.00 | 2 | 1 | 658.1511 PILM | 065709 | 04/24/2023 | 04/05/2023 | 02/17/2021 | Book | |||||||
| St Aloysius Library | St Aloysius Library | 02/17/2021 | Biblios Book Point, Surathkal-575014 | 275.00 | 658.1511 PILM | 065708 | 02/17/2021 | 02/17/2021 | Book | ||||||||||
| St Aloysius Library | St Aloysius Library | 02/17/2021 | Biblios Book Point, Surathkal-575014 | 275.00 | 658.1511 PILM | 065707 | 02/17/2021 | 02/17/2021 | Book | ||||||||||
| St Aloysius Library | St Aloysius Library | 02/17/2021 | Biblios Book Point, Surathkal-575014 | 275.00 | 3 | 658.1511 PILM | 065706 | 04/22/2025 | 12/12/2024 | 02/17/2021 | Book | ||||||||
| St Aloysius Library | St Aloysius Library | 02/17/2021 | Biblios Book Point, Surathkal-575014 | 275.00 | 5 | 658.1511 PILM | 065705 | 04/15/2025 | 04/11/2025 | 02/17/2021 | Book |